[Event "IND-ch U15 Girls 38th"]
[Site "New Delhi"]
[Date "2022.11.29"]
[Round "3"]
[White "Kriti, Kumari"]
[Black "Sachi, Jain"]
[Result "0-1"]
[WhiteElo "1031"]
[BlackElo "1581"]
[PlyCount "68"]
[EventDate "2022.11.28"]
[EventType "swiss"]
[EventRounds "11"]
[EventCountry "IND"]
[SourceTitle "CBM 211 Extra"]
[Source "ChessBase"]
[SourceDate "2023.01.31"]
[SourceVersion "1"]
[SourceVersionDate "2023.01.31"]
[SourceQuality "1"]

1. d4 d5 2. Nf3 e6 3. g3 f5 4. Bg2 Nf6 5. Bg5 h6 6. Bxf6 Qxf6 7. Nbd2 Bd6 8. c3 Nd7 9. Qc2 c6 10. a3 0-0 11. 0-0 g5 12. h4 f4 13. Kh2 g4 14. Ne1 fxg3+ 15. fxg3 Qxh4+ 16. Kg1 Bxg3 17. Qg6+ Kh8 18. Nef3 gxf3 19. Nxf3 Qf4 20. Kh1 Nf6 21. e3 Qg4 22. Qxh6+ Kg8 23. Bh3 Qg7 24. Qxg7+ Kxg7 25. Rg1 Ne4 26. Nd2 Nxd2 27. Rxg3+ Kf7 28. Bg4 Bd7 29. Bh5+ Ke7 30. Rg7+ Kd6 31. Bf7 Ne4 32. Rag1 Rh8+ 33. Kg2 Raf8 34. Rf1 Rh6 0-1